000
00312nam a2200133Ia 4500
100
_a
National Productivity Council
942
_c
BK
654
_a
Industry
245
_a
Instruments Industry in U.S.A.
260
_b
National Productivity Council
_c
2001
082
_a
621.8
300
_a
48
546
_a
ENGLISH
999
_c
24435
_d
24435